Reference data for engineers (Record no. 69596)

MARC details
000 -LEADER
fixed length control field 00620nam a22001937a 4500
005 - DATE AND TIME OF LATEST TRANSACTION
control field 20230712160830.0
040 ## - CATALOGING SOURCE
Transcribing agency urs
050 ## - LIBRARY OF CONGRESS CALL NUMBER
Classification number TK 6552 R44 1993
245 ## - TITLE STATEMENT
Title Reference data for engineers
Remainder of title radio, electronics, computer and communications
250 ## - EDITION STATEMENT
Edition statement Eighth edition
260 ## - PUBLICATION, DISTRIBUTION, ETC. (IMPRINT)
Place of publication, distribution, etc Indiana
Name of publisher, distributor, etc Sams
Date of publication, distribution, etc 1993
336 ## - CONTENT TYPE
Source rdacontent
Content type term text
Content type code txt
337 ## - MEDIA TYPE
Source rdamedia
Media type term unmediated
Media type code n
338 ## - CARRIER TYPE
Source rdacarrier
Carrier type term volume
Carrier type code nc
650 #0 - SUBJECT ADDED ENTRY--TOPICAL TERM
9 (RLIN) 5492
Topical term or geographic name as entry element Radio
Form subdivision Handbooks, manuals, etc.
650 #0 - SUBJECT ADDED ENTRY--TOPICAL TERM
9 (RLIN) 5493
Topical term or geographic name as entry element Telecommunication
Form subdivision Handbooks, manuals, etc.
650 #0 - SUBJECT ADDED ENTRY--TOPICAL TERM
9 (RLIN) 4668
Topical term or geographic name as entry element Electronics.
Form subdivision Handbooks, manuals, etc.
942 ## - ADDED ENTRY ELEMENTS (KOHA)
Source of classification or shelving scheme Library of Congress Classification
Koha item type Foreign Books
Holdings
Withdrawn status Lost status Source of classification or shelving scheme Damaged status Not for loan Home library Current library Shelving location Date acquired Total Checkouts Full call number Barcode Date last seen Price effective from Koha item type
    Library of Congress Classification     Binangonan College Library Binangonan College Library Foreign Section 07/12/2023   TK 6552 R44 1993 URSBIN-FR1980 07/12/2023 07/12/2023 Foreign Books
    Library of Congress Classification     Binangonan College Library Binangonan College Library Foreign Section 07/12/2023   TK 6552 R44 1993 URSBIN-1972 07/12/2023 07/12/2023 Foreign Books
    Library of Congress Classification     Binangonan College Library Binangonan College Library Foreign Section 07/13/2023   TK 6552 R44 1993 URSBIN-FR1986 07/13/2023 07/13/2023 Foreign Books
    Library of Congress Classification     Binangonan College Library Binangonan College Library Foreign Section 07/17/2023   TK 6552 R44 1993 URSBIN-FR1992 07/17/2023 07/17/2023 Foreign Books

University of Rizal System
Email us at univlibservices@urs.edu.ph

Visit our Website www.urs.edu.ph/library